00888 a2200193 45000010006000000050017000060080041000230030015000640400040000790800081001192450054002000200018002542640033002723000019003055050240003240410008005641000027005728560095005994122120260407155706.0260407a2004 arg spa dAR-UNSa-BCEJYS aAR-UNSa-BCEJYSbspacAR-UNSa-BCEJYS a343.53xFraudes en el comercio y en la industria (Derecho Penal Económico)10aCuestiones actuales del derecho penal económico a950-894-439-0 1aBuenos Aires :bAD-HOCc2004 a183 p.c23 cm. a1. Cuestiones de parte general - 2. Cuestiones de parte especial. Problemas actuales con relación a algunos delitos en particular - 3. Aspectos orgánicos y derechos fundamentales procesales: ¿relativización de las garantías?  aspa1 aJaén Vallejo, Manuel41uhttps://biblioeco.unsa.edu.ar/pmb/images/libros/L126449.jpgyImagen de portadaqimage/jpeg